000 00317nam a22001337a 4500
008 181031b xxu||||| |||| 00| 0 eng d
020 _a094078081X
041 _aeng
080 _24th
_a579
100 _a9
101 _aMIK
245 _aClinical Microbiology made ridiculously simple
_cGladwin,M
942 _2udc
_cBK
999 _c51315
_d51315